Mélanges d'etudes économiques et sociales

Enregistré dans:
Détails bibliographiques
Auteur principal: Folliet, Edouard
Autres auteurs: Hersch, Liebmann
Format: Livre
Langue:français
Publié: Genéve Georg 1945
Collection:Publications de la Faculté des sciences économiques et sociales de l'Université de Genéve. Vol. 9
Tags: Ajouter un tag
Pas de tags, Soyez le premier à ajouter un tag!

MARC

LEADER 00000nam a2200000 4500
001 c126655
005 20190214090437.1
041 0 |a fre 
044 |a CH 
245 1 0 |a Mélanges d'etudes économiques et sociales  |c Edouard Folliet, Liebmann Hersch 
264 1 |a Genéve  |b Georg  |c 1945 
300 |a 330 s. 
490 1 |a Publications de la Faculté des sciences économiques et sociales de l'Université de Genéve. Vol. 9 
830 0 |a Publications de la Faculté des sciences économiques et sociales de l'Université de Genéve. Vol. 9 
100 1 |a Folliet, Edouard 
700 1 |a Hersch, Liebmann